00685 2200205 4500001002100000008004100021035002000062245011200082100002100194700001800215260004400233300002700277020002200304084001400326520005200340082000800392650002900400863003800429990001200467INLIS000000000015796 ind  a0010-0323000244 aAn Illustrated BiographybJesse LivermorecToshiaki Kojima; alih bahsa, Roziq Himawan; editor, Yulian Masda aKOJIMA, Toshiaki aYULIAN, Masda aJakarta :bElex Media Komputindo,c2019 a170 hal.: ilus.c21 cm a978-602-02-4096-1 a920 KOJ i aJudul asli Manga Densetsu no Soubashi Livermore a920 aBIOGRAFI-KOMIK-1877-1940 aSeri Tokoh Dunia Bisnis Investasi a10470 a